عرض عادي عرض مارك
  • Pegrum, Mark,

مدخل إسم شخص

عدد التسجيلات المستخدمة في: 1

001 - رقم الضبط

  • حقل الضبط: 45445

003 - معرف رقم الضبط

  • حقل الضبط: OSt

005 - تاريخ ووقت أخر عملية

  • حقل الضبط: 20140519201837.0

008 - عناصر بيانات ثابتة الطول

  • حقل تحكم ثابت الطول: 140519|||a|||||| | ||| d

040 ## - مصدر الفهرسة

  • هيئة الفهرسة الأصلية: OSt
  • وكالة الكتابة: OSt

100 ## - مدخل -- أسم شخص

  • إسم شخص: Pegrum, Mark,
  • تواريخ مرتبطة بالاسم: 1969-

670 ## - بيانات المصدر موجوده

  • الاستشهاد بالمصدر: Work cat.: (OSt)0: Dudeney, Gavin, 1964- 45441, Digital literacies :, 2013